Famosos por letra - Q - Estadísticas

Estadísticas generales
  • Esta prueba ha sido intentada 34 veces
  • La puntuación promedio es 2 de 8
Estadísticas de respuestas
Imagen Respuesta % Correcto
Quentin Tarantino
87%
Quincy Promes
39%
Quim Gutiérrez
32%
Queen Latifah
23%
Quincy Jones
19%
Quentin Blake
0%
Quique Camoiras
0%
Quvenzhane Wallis
0%
No se encontraron pruebas coincidentes
Distribución de puntuación
Porcentaje de gente con cada puntuación
Porcentaje por número respondido
Historial de tus puntuaciones
No has intentado esta prueba.